000 00697cam a22001935a 4500
001 L155499
008 120327s1813 xxk f 000 0 eng d
035 _a(Sirsi) u155499
041 0 _aeng
100 1 _aBatchelor, Thomas
245 0 0 _aGeneral view of the agriculture of the county of Bedford, drawn up for the consideration of the Board of Agriculture and Internal Improvement
260 _aLondon
_bprinted for Sherwood Neely and Jones
_c1813
300 _axv, 636, [5] p., 7 leaves of plates (4 fold)
_bill., map
_c22cm.
583 _aCondition reviewed
_c20120620
_lcondition level 1
651 4 _aEngland
_y886-
690 _aRural
_96268
710 1 _aBoard of Agriculture
942 _n0
999 _c113611
_d113611